| 000 | 00756nam a2200253 a 4500 | ||
|---|---|---|---|
| 999 |
_c1009 _d1009 |
||
| 008 | 191119t1989 xxka|||g |||| 00| 0 eng d | ||
| 020 |
_a9780553176988 _cRs. 399.00 |
||
| 040 |
_aKO _beng |
||
| 041 | 0 | _aeng | |
| 044 | _axxk | ||
| 082 | 0 | 4 |
_223 _a523.1 _bH313 |
| 100 | 1 | _aHawking, Stephen W. | |
| 245 | 1 | 0 |
_aA Brief History of Time : _bFrom the Big Bang to black holes / _cStephen W. Hawking; Illustrated by Ron Miller |
| 260 |
_aLondon : _bBantam Books , _c1989 |
||
| 300 |
_axi, 210 p. : _bill. ; _c18 cm |
||
| 500 | _aIntroduction by Carl Sagan | ||
| 504 | _aIncludes Index. | ||
| 650 | 0 |
_aSpace and time _xCosmology |
|
| 650 | 0 |
_aSpace and time _xSpace sciences |
|
| 700 |
_aMiller, Ron _eill |
||
| 904 | _aA_BOSE | ||
| 942 | _cBK | ||